All UK Cabinet Ministers under Gordon Brown (2007-2010) - Statistics

General Stats
  • This quiz has been taken 107 times
  • The average score is 25 of 60
Answer Stats
Minister Title Years Name % Correct
Prime Minister 2007-2010 Gordon Brown
100%
2008-2010 Nick Brown
95%
Minister of State forAfrica, Asia & the UN 2007-2009 The Lord Malloch-Brown
93%
Home Secretary 2007-2009 Jacqui Smith
86%
Chancellor of the Exchequer 2007-2010 Alistair Darling
84%
2009-2010 Alan Johnson
72%
Health Secretary 2007-2009 Alan Johnson
72%
Foreign Secretary 2007-2010 David Miliband
72%
Chancellor of theDuchy of Lancaster 2007-2008 Ed Miliband
72%
Leader of the House of Commons 2007-2010 Harriet Harman
72%
Education Secretary 2007-2010 Ed Balls
67%
Lord Chancellor / Justice Secretary 2007-2010 Jack Straw
67%
2009-2010 Yvette Cooper
60%
2008-2009 Yvette Cooper
60%
2008-2010 The Lord Mandelson
56%
Environment Secretary 2007-2010 Hilary Benn
53%
Minister for the Olympics 2005-2010 Tessa Jowell
51%
2008-2009 Geoff Hoon
49%
Chief Whip inthe House of Commons 2007-2008 Geoff Hoon
49%
2009-2010 Andy Burnham
44%
2008-2009 Andy Burnham
44%
Chief Secretary to the Treasury 2007-2008 Andy Burnham
44%
Defence Secretary 2006-2008 Des Browne
42%
Scotland Secretary 2007-2008 Des Browne
42%
International DevelopmentSecretary 2007-2010 Douglas Alexander
42%
Communities Secretary 2007-2009 Hazel Blears
42%
2008-2010 Jim Murphy
42%
Work & Pensions Secretary 2007-2008 Peter Hain
42%
Wales Secretary 2002-2008 Peter Hain
42%
2009-2010 Peter Hain
42%
2008-2009 Paul Murphy
40%
Transport Secretary 2007-2008 Ruth Kelly
40%
2009-2010 Ben Bradshaw
33%
2008-2009 James Purnell
33%
Culture Secretary 2007-2008 James Purnell
33%
2008-2009 John Hutton
33%
Business Secretary 2007-2008 John Hutton
33%
2009-2010 Liam Byrne
30%
2008-2009 Liam Byrne
30%
Northern Ireland Secretary 2007-2010 Shaun Woodward
30%
2009-2010 Bob Ainsworth
26%
Minister for Business 2009-2010 Pat McFadden
26%
Minister for Transport 2009-2010 Sadiq Khan
26%
2009-2010 The Lord Adonis
26%
Minister for Europe 2008-2009 Caroline Flint
23%
2009-2010 John Denham
23%
Innovation Secretary 2007-2009 John Denham
23%
Leader of the House of Lords 2007-2008 The Baroness Ashton
21%
2008-2010 The Baroness Royall
21%
2009-2010 The Baroness Royall
21%
2008 The Baroness Royall
21%
Attorney General 2007-2010 The Baroness Scotland
21%
Minister of State for Children 2005-2009 Beverley Hughes
19%
Minister for Housing 2009-2010 John Healey
19%
2008-2010 The Lord Bassam
19%
Minister for Local Government 2009-2010 Rosie Winterton
16%
Minister of State for Employment 2008-2009 Tony McNulty
16%
Chief Whip in the House of Lords 2002-2008 The Lord Grocott
14%
2009-2010 Dawn Primarolo
12%
Minister of State for Science 2008-2010 The Lord Drayson
12%
No matching quizzes found
Score Distribution
Percent of People with Each Score
Percentile by Number Answered
Your Score History
You have not taken this quiz